Robert y Sonia Delaunay: el triunfo del color
Uloženo v:
| Hlavní autor: | |
|---|---|
| Médium: | Kniha |
| Jazyk: | španělština |
| Vydáno: |
Colonia
Benedikt Taschen
1994
|
| Témata: | |
| Tagy: |
Přidat tag
Žádné tagy, Buďte první, kdo vytvoří štítek k tomuto záznamu!
|
MARC
| LEADER | 00000nam a2200000 a 4500 | ||
|---|---|---|---|
| 001 | UCO5182 | ||
| 003 | CL-VaPUC | ||
| 008 | 000825e19940000GW |||||||||||||||||spa|d | ||
| 082 | 0 | 4 | |a 759.06 |b DUC |2 21 |
| 100 | |a Duchting, Hajo |e author |9 557612 | ||
| 245 | 1 | 0 | |a Robert y Sonia Delaunay: el triunfo del color |
| 300 | |a 96 p | ||
| 942 | |c BK | ||
| 945 | |d 20000825 00:00:00 |a vberengu | ||
| 260 | |a Colonia |b Benedikt Taschen |c 1994 | ||
| 600 | 0 | 7 | |a DELAUNAY, ROBERT |2 CL-VaPUC |9 449954 |
| 600 | 0 | 7 | |a DELAUNAY, SONIA |2 CL-VaPUC |9 449955 |
| 650 | 7 | |a IMPRESIONISMO |2 CL-VaPUC |9 324638 | |
| 650 | 0 | |a Pintura moderna |9 265600 | |
| 583 | |a last modification |c 20000825 00:00:00 |k Rodrigo Vera | ||
| 999 | |c 291130 |d 291128 | ||
| 952 | |0 0 |1 0 |4 0 |6 759_060000000000000_DUC_1994 |7 0 |8 R |9 340822 |a BIBART |b BIBART |d 2019-11-20 |i 3645711 |l 2 |o 759.06 DUC 1994 |p 3645711 |r 2025-03-13 |s 2023-10-13 |w 2019-11-20 |y BK_R |k ART | ||